[Event "2nd Artemis Cup"]
[Site "Leros GRE"]
[Date "2010.07.14"]
[Round "2"]
[White "Mastrovasilis,D"]
[Black "Mamedjarova,Z"]
[Result "1-0"]
[WhiteElo "2583"]
[BlackElo "2231"]

1.e4 e5 2.Nf3 Nc6 3.Bb5 a6 4.Ba4 Nf6 5.O-O Be7 6.Re1 b5 7.Bb3 d6 8.c3 O-O
9.h3 Bb7 10.d4 Re8 11.Nbd2 Bf8 12.a3 h6 13.Bc2 g6 14.b4 exd4 15.cxd4 Bg7
16.Bb2 Nd7 17.Bd3 Nb6 18.Rc1 d5 19.Qc2 Rc8 20.e5 Nc4 21.Nb3 Ra8 22.Ra1 Bc8
23.Nc5 Ne7 24.g4 Nc6 25.Bc3 h5 26.gxh5 Bxh3 27.hxg6 fxg6 28.Bxc4 bxc4 29.Qxg6 Ne7
30.Qh5 Bf5 31.Ng5 Bg6 32.Qg4 Bf5 33.Qh5 Bg6 34.Qg4 Bf5 35.Qh4 Rb8 36.Re3 Rb6
37.e6 Bg6 38.Qg4 Nf5 39.Nf7 Qf6 40.Nd7 Qh4 41.Qxh4 Nxh4 42.Nxb6 cxb6 43.Rae1 Nf5
44.Rf3 Nxd4 45.Bxd4 Bxd4 46.Nd6 Re7 47.Nf5 Bxf5 48.Rxf5 Bb2 49.Re3 Bg7 50.Rxd5 c3
51.Rd6 c2 52.Rc6 Bh6 53.Rg3+ Kf8 54.Rxc2 Rxe6 55.Rc7  1-0

[Event "Corporation Centre Cup"]
[Site "Izhevsk RUS"]
[Date "2010.07.16"]
[Round "2"]
[White "Ozolin,M"]
[Black "Fedorov,D"]
[Result "1-0"]
[WhiteElo "2397"]
[BlackElo "2083"]

1.e4 e5 2.Nf3 Nc6 3.Bb5 a6 4.Ba4 Nf6 5.O-O b5 6.Bb3 Be7 7.Re1 d6 8.c3 O-O
9.h3 Bb7 10.d4 Re8 11.Ng5 Rf8 12.Nf3 Re8 13.Nbd2 Bf8 14.a3 g6 15.Ba2 Bg7
16.b4 exd4 17.cxd4 a5 18.Qb3 Qd7 19.Bb2 axb4 20.axb4 Ra4 21.Ng5 Nd8 22.Bb1 Rxa1
23.Bxa1 c5 24.Qd1 c4 25.d5 Qe7 26.Ngf3 Nd7 27.Bxg7 Kxg7 28.Bc2 Qf6 29.Nb1 Ne5
30.Re3 Nxf3+ 31.Rxf3 Qe5 32.Nc3 Ba6 33.Qa1 Bc8 34.Qa7 Nb7 35.Nxb5 Qb2 36.Qd4+ Qxd4
37.Nxd4 Bd7 38.Ra3  1-0

[Event "2nd Open"]
[Site "Rethymno GRE"]
[Date "2010.07.19"]
[Round "8"]
[White "Parligras,M"]
[Black "Bellia,F"]
[Result "1-0"]
[WhiteElo "2574"]
[BlackElo "2376"]

1.e4 e5 2.Nf3 Nc6 3.Bb5 a6 4.Ba4 Nf6 5.O-O Be7 6.Re1 b5 7.Bb3 d6 8.c3 O-O
9.h3 Bb7 10.d4 Re8 11.Nbd2 Bf8 12.a4 Na5 13.Bc2 b4 14.d5 bxc3 15.bxc3 c6
16.c4 Qc7 17.Bd3 Reb8 18.Ba3 Bc8 19.Qc2 Nh5 20.Rec1 Nf4 21.Bf1 Bd7 22.Qc3 Rc8
23.Qe3 Qd8 24.c5 cxd5 25.cxd6 f6 26.exd5 Rxc1 27.Rxc1 Bxa4 28.g3 Nxd5 29.Qe4 Nb6
30.Bd3 g6 31.Bb4 Nc6 32.Rxc6 Bxc6 33.Qxc6 Rc8 34.Qb7 Bxd6 35.Ba5 Rc1+ 36.Kg2 Bc7
37.Bxa6 Nd5 38.Ne4 Bxa5 39.Qxd5+ Kg7 40.Qe6 Bb4 41.Bc4 Be7 42.g4 Rb1 43.g5 Rb6
44.Qf7+ Kh8 45.gxf6 Bxf6 46.h4 h6 47.Be6 Bg7 48.Qxg6 Rb7 49.Nfg5 hxg5 50.Nxg5  1-0

[Event "Open A"]
[Site "Oberwart AUT"]
[Date "2010.07.20"]
[Round "8"]
[White "Mihok,O"]
[Black "Diermair,A"]
[Result "1-0"]
[WhiteElo "2438"]
[BlackElo "2312"]

1.e4 e5 2.Nf3 Nc6 3.Bb5 a6 4.Ba4 Nf6 5.O-O Be7 6.Re1 b5 7.Bb3 d6 8.c3 O-O
9.h3 Bb7 10.d4 Re8 11.Nbd2 Bf8 12.d5 Nb8 13.Nf1 Nbd7 14.N3h2 Nc5 15.Bc2 c6
16.b4 Ncd7 17.dxc6 Bxc6 18.Bg5 h6 19.Bxf6 Nxf6 20.Ng4 Nxg4 21.Qxg4 Bd7 22.Qf3 Rc8
23.Bb3 Be6 24.Qd3 Qc7 25.Rac1 Be7 26.Rc2 Bg5 27.Rd1 Red8 28.Bd5 Qb6 29.Bxe6 fxe6
30.h4 Bf6 31.Qh3 Kf7 32.Ne3 Qb7 33.Qg4 Qe7 34.g3 Rc6 35.c4 bxc4 36.Rxc4 Rxc4
37.Nxc4 Kg8 38.Na5 Qd7 39.Nc4 Qe7 40.Ne3 Rb8 41.a3 Rb6 42.Rc1 Qf7 43.Rc8+ Kh7
44.Nc4 Rb5 45.Nxd6 Qd7 46.Nxb5 Qxc8 47.Nd6 Qd7 48.Nc4 Qd3 49.Qxe6 Qxe4 50.Ne3 Qd3
51.Qf5+ Qxf5 52.Nxf5 Kg6 53.Nd6 Be7 54.Ne4 Kf5 55.f3 Ke6 56.Nc3 a5 57.bxa5 Bxa3
58.Kf1 Kd7 59.a6 Kc6 60.a7 Kb7 61.Nb5 Bc5 62.Ke2 h5 63.a8=Q+ Kxa8 64.Nc7+ Kb7
65.Ne6 Kc6 66.Nxg7 Kd5 67.Nxh5 Ke6 68.Kd3  1-0

[Event "3rd Open"]
[Site "Paleochora GRE"]
[Date "2010.07.23"]
[Round "3"]
[White "Kryvoruchko,Y"]
[Black "Bellia,F"]
[Result "1-0"]
[WhiteElo "2609"]
[BlackElo "2376"]

1.e4 e5 2.Nf3 Nc6 3.Bb5 a6 4.Ba4 Nf6 5.O-O Be7 6.Re1 b5 7.Bb3 d6 8.c3 O-O
9.h3 Bb7 10.d4 Re8 11.Nbd2 Bf8 12.a3 h6 13.d5 Ne7 14.Nh2 Ng6 15.Ndf1 Be7
16.Ng4 Nh7 17.Nge3 Bg5 18.g3 Bxe3 19.Nxe3 Bc8 20.h4 Ne7 21.a4 Bd7 22.c4 Nf6
23.Bc2 Qc8 24.b4 c5 25.Ba3 cxb4 26.Bxb4 Qc7 27.cxb5 axb5 28.a5 Rf8 29.Bd3 Ne8
30.Qe2 Qb7 31.Rec1 Ra6 32.Ra2 f5 33.exf5 Nf6 34.Rd2 e4 35.Bb1 Nxf5 36.Ba2 Kh8
37.Nxf5 Bxf5 38.Rc6 Bg4 39.Qf1 Ne8 40.Qe1 Bf3 41.Rxa6 Qxa6 42.Bb3 Qc8 43.Bd1 Qc4
44.Bxf3 Rxf3 45.Re2 Nf6 46.a6 Qd4 47.Bxd6 Rd3 48.Kg2 Rd1 49.a7 Ra1 50.Bc5 Qa4
51.Qd2 Qb3 52.Qe3 Qxd5 53.Bd4 Ra6 54.Bxf6 gxf6 55.Rd2  1-0

[Event "21st Czech GM Open"]
[Site "Pardubice CZE"]
[Date "2010.07.23"]
[Round "1"]
[White "Rojicek,V"]
[Black "Kozak,Mi"]
[Result "1-0"]
[WhiteElo "2423"]
[BlackElo "2213"]

1.e4 e5 2.Nf3 Nc6 3.Bb5 a6 4.Ba4 Nf6 5.O-O Be7 6.Re1 b5 7.Bb3 d6 8.c3 O-O
9.h3 Bb7 10.d4 Re8 11.Ng5 Rf8 12.Nf3 Re8 13.Nbd2 Bf8 14.a4 h6 15.Bc2 exd4
16.Nxd4 g6 17.b3 Bg7 18.Bb2 Qd7 19.axb5 Nxd4 20.cxd4 axb5 21.Rxa8 Bxa8 22.Qa1 Bb7
23.Bd3 Ra8 24.Qb1 Nh5 25.d5 Bxb2 26.Qxb2 c6 27.Nf3 cxd5 28.e5 Nf4 29.Bf1 Re8
30.Qd2 g5 31.exd6 Rxe1 32.Qxe1 Qxd6 33.Qe8+ Kg7 34.Qxb5 Bc8 35.Nd4 Qe5 36.Qc5 Be6
37.Qc3 Qf6 38.b4 Bc8 39.b5 Bb7 40.Nf5+ Kg6 41.Qxf6+ Kxf6 42.Nd6 Ba8 43.b6 d4
44.b7 Bxb7 45.Nxb7 d3  1-0

[Event "21st Czech GM Open"]
[Site "Pardubice CZE"]
[Date "2010.07.27"]
[Round "5"]
[White "Zaslavsky,M"]
[Black "Sethuraman,S"]
[Result "1-0"]
[WhiteElo "2413"]
[BlackElo "2513"]

1.e4 e5 2.Nf3 Nc6 3.Bb5 a6 4.Ba4 Nf6 5.O-O Be7 6.Re1 b5 7.Bb3 d6 8.c3 O-O
9.h3 Bb7 10.d4 Re8 11.Ng5 Rf8 12.Nf3 h6 13.Nbd2 Re8 14.Nf1 Bf8 15.Ng3 Na5
16.Bc2 Qd7 17.b3 g6 18.Qd2 Bg7 19.d5 c6 20.c4 Qc7 21.Bb2 Bc8 22.c5 Nb7 23.cxd6 Qxd6
24.dxc6 Qxd2 25.Nxd2 Na5 26.c7 Ra7 27.Rac1 Rxc7 28.Bb1 Rxc1 29.Rxc1 Bb7 30.Rc7 Rd8
31.Bc3 Ne8 32.Re7 Bf8 33.Rxe8 Rxe8 34.Bxa5 Rc8 35.Kf1 Rc1+ 36.Ke2 Bc5 37.Ngf1 f6
38.Bd3 Kf7 39.Nb1 Bd4 40.Bd2 Rc8 41.f3 h5 42.Ne3 Ke6 43.Na3 Bc3 44.Bxc3 Rxc3
45.Nac2 Rc8 46.b4 Kd6 47.Na1 Bc6 48.Nb3 Rf8 49.Kd2 Rc8 50.a3 Rc7 51.Bc2 Rc8
52.Na5 Ba8 53.Bb3 Rf8 54.Bc2 Rc8 55.Nb3 Bc6 56.Nc5 a5 57.Bd3 axb4 58.axb4 Ra8
59.Nc2 Kc7 60.Kc3 Re8 61.Ne3 Kd6 62.Nd1 Kc7 63.Bc2 Kd6 64.Bd3 Kc7 65.Kb3 Kb6
66.Ne3 Rd8 67.Kc3 Ra8 68.Nd5+ Bxd5 69.exd5 Rd8 70.Bxg6 Rxd5 71.Bf7 Rd1 72.Bxh5 Rc1+
73.Kd3 Kc7 74.Be8 Rg1 75.g4 Rg3 76.Ke4 Rxh3 77.Bxb5 Kd6 78.Be2 Rh2 79.Ke3 Rh1
80.Ne4+ Ke7 81.b5 Rb1 82.Bd3 Rb2 83.Nc3 Kd6 84.Na4 Rb4 85.Nb6 Rb3 86.Nc4+ Kc5
87.Nd2  1-0

[Event "3rd Open"]
[Site "Paleochora GRE"]
[Date "2010.07.29"]
[Round "9"]
[White "Schut,D"]
[Black "Bellia,F"]
[Result "0-1"]
[WhiteElo "2080"]
[BlackElo "2376"]

1.e4 e5 2.Nf3 Nc6 3.Bb5 a6 4.Ba4 Nf6 5.O-O Be7 6.Re1 b5 7.Bb3 d6 8.c3 O-O
9.h3 Bb7 10.d4 Re8 11.Nbd2 Bf8 12.Bc2 h6 13.d5 Ne7 14.Nf1 c6 15.dxc6 Bxc6
16.Ng3 Ng6 17.a4 Qd7 18.axb5 axb5 19.Be3 Qb7 20.Nd2 Rxa1 21.Qxa1 Ra8 22.Qb1 b4
23.Bb3 bxc3 24.bxc3 Ra3 25.Qc2 d5 26.Rb1 Qa8 27.exd5 Nxd5 28.Nc4 Nxe3 29.Nxe3 Nf4
30.Qf5 Ra7 31.Kh2 Nxg2 32.Nxg2 Bxg2 33.Nh5 Qe4 34.Qxe4 Bxe4 35.Re1 Bf3 36.Ng3 Ra3
37.Rb1 g6 38.c4 Bc5 39.Kg1 Bd4 40.Kf1 Kg7 41.Ke1 f5 42.c5 Bxc5 43.Bc4 Rc3
44.Be2 Bxe2 45.Nxe2 Rxh3 46.Rb7+ Kf6 47.f4 Be3 48.Nc3 exf4 49.Ke2 Rh2+ 50.Kd3 Rd2+
51.Kc4 Rd4+ 52.Kb3 f3 53.Rb6+ Kg5  0-1

[Event "21st Czech GM Open"]
[Site "Pardubice CZE"]
[Date "2010.07.29"]
[Round "7"]
[White "Bryzgalin,K"]
[Black "Batchuluun,T"]
[Result "0-1"]
[WhiteElo "2499"]
[BlackElo "2388"]

1.e4 e5 2.Nf3 Nc6 3.Bb5 a6 4.Ba4 Nf6 5.O-O Be7 6.Re1 b5 7.Bb3 d6 8.c3 O-O
9.h3 Bb7 10.d4 Re8 11.Nbd2 Bf8 12.a3 g6 13.Bc2 Nb8 14.b4 Nbd7 15.d5 c6 16.c4 Rc8
17.Nb3 bxc4 18.Na5 Qc7 19.dxc6 Bxc6 20.Nxc6 Qxc6 21.Bg5 Qb7 22.Nd2 h6 23.Bh4 Bg7
24.Rc1 Nb6 25.Bb1 Rc6 26.Ba2 Rec8 27.Qf3 Nh5 28.g3 Qd7 29.Kh2 Bf8 30.Qe2 Ng7
31.g4 Ne6 32.Rc3 Nd4 33.Qd1 Nb5 34.Rf3 Nd4 35.Rc3 d5 36.exd5 Nxd5 37.Rc1 c3
38.Ne4 c2 39.Qd3 Nf4 40.Qe3 Bg7 41.Bg3 Nd5 42.Qd3 Nc3 43.Rxc2 Nxa2 44.Rxa2 Qd5
45.Rae2 f5 46.gxf5 gxf5 47.Nd2 Rc3 48.Qxa6 Nxe2 49.Rxe2 Rc1 50.f3 R8c2 51.Nf1 Qxf3  0-1

[Event "Politiken Cup"]
[Site "Copenhagen DEN"]
[Date "2010.07.31"]
[Round "1"]
[White "Jacobsen,Caroline Beer"]
[Black "Harstad,C"]
[Result "0-1"]
[WhiteElo "1590"]
[BlackElo "2044"]

1.e4 e5 2.Nf3 Nc6 3.Bb5 a6 4.Ba4 Nf6 5.O-O Be7 6.Re1 b5 7.Bb3 d6 8.c3 O-O
9.h3 Bb7 10.d4 Re8 11.d5 Nb8 12.a4 Nbd7 13.a5 Bf8 14.Ba2 h6 15.b4 g6 16.Qd3 Bg7
17.Be3 Qe7 18.Nbd2 Rf8 19.Rac1 Ne8 20.Nh2 f5 21.f3 f4 22.Bf2 Ndf6 23.Bh4 g5
24.Bf2 h5 25.Kh1 Rf7 26.c4 bxc4 27.Nxc4 Bh6 28.Rc2 Rg7 29.Nf1 g4 30.Nfd2 gxh3
31.gxh3 Qd7 32.Kh2 Nh7 33.h4 Kh8 34.Rg1 Nf8 35.Rcc1 Ng6 36.Rg2 Bc8 37.Rh1 Rb8
38.Qc3 Qb5 39.Rb1 Qd7 40.Rh1 Nf6 41.Na3 Bb7 42.Rc1 Rbg8 43.Qc2 Bc8 44.Rh1 Nxh4
45.Rxg7 Qh3+  0-1

[Event "49th WJun"]
[Site "Chotowa POL"]
[Date "2010.08.06"]
[Round "4"]
[White "Roos,Ad"]
[Black "Pavlidis,Ana"]
[Result "0-1"]
[WhiteElo "2097"]
[BlackElo "2359"]

1.e4 e5 2.Nf3 Nc6 3.Bb5 a6 4.Ba4 Nf6 5.O-O Be7 6.Re1 b5 7.Bb3 d6 8.c3 O-O
9.h3 Bb7 10.d4 Nd7 11.Nbd2 exd4 12.cxd4 Bf6 13.Nf1 Na5 14.Bc2 Re8 15.Ng3 g6
16.Bf4 Qe7 17.Qd3 c5 18.Rad1 cxd4 19.Nxd4 Nc4 20.Bc1 Nc5 21.Qf1 Bg5 22.b3 Bxc1
23.Rxc1 Nd2 24.Qe2 Ndxe4 25.b4 Qf8 26.Nxe4 Nxe4 27.Qf3 d5 28.a3 Rac8 29.Bb3 Qh6
30.Rcd1 Qg5 31.Re3 Kg7 32.Red3 Rc1 33.Qg4 Qxg4 34.hxg4 Rec8 35.Ne2 Rxd1+
36.Rxd1 Nc3 37.Nxc3 Rxc3 38.Bxd5 Bxd5 39.Rxd5 Rxa3 40.Rd6 Ra4 41.f3 Kh6 42.Kh2 Kg5
43.Kg3 Rxb4 44.Rxa6 h5 45.gxh5 gxh5 46.Rb6 Rb1 47.Rb7 h4+ 48.Kf2 Rb2+ 49.Ke3 Rxg2
50.Rxb5+ f5 51.Rb8 f4+ 52.Ke4 Re2+ 53.Kd4 Re6 54.Rg8+ Kf5 55.Rh8 Rd6+ 56.Kc5 Rd3
57.Rh5+ Kg6 58.Rxh4 Rxf3 59.Kd4 Kg5 60.Rh8 Re3  0-1

[Event "GM1 Valoz Cup"]
[Site "Olomouc CZE"]
[Date "2010.08.07"]
[Round "4"]
[White "Baron,Ta"]
[Black "Tuvshintugs,B"]
[Result "1-0"]
[WhiteElo "2438"]
[BlackElo "2321"]

1.e4 e5 2.Nf3 Nc6 3.Bb5 a6 4.Ba4 Nf6 5.O-O Be7 6.Re1 b5 7.Bb3 d6 8.c3 O-O
9.h3 Bb7 10.d4 Na5 11.Bc2 Nc4 12.b3 Nb6 13.Nbd2 Nfd7 14.Nf1 c5 15.Ng3 g6
16.Bh6 Re8 17.d5 a5 18.Qd2 c4 19.b4 axb4 20.cxb4 Bc8 21.Ne2 Nf6 22.Nc3 Bd7
23.g4 Ra3 24.Kg2 Qc8 25.Ng1 Kh8 26.Nge2 Ng8 27.Be3 Ra6 28.Kh2 Bf6 29.Rg1 Bg7
30.Raf1 Qd8 31.f4 exf4 32.Rxf4 Be5 33.Bd4 Qe7 34.Kh1 Qh4 35.Qe3 Nf6 36.g5 Bxd4
37.Nxd4 Nfxd5 38.Nxd5 Nxd5 39.exd5 Rxe3 40.Rxh4 Rxa2 41.Rf1 Kg8 42.Rf2 Rg3
43.Rhf4 Ra1+ 44.Kh2 Rxh3+ 45.Kg2 Rh5 46.Nf3 Rhh1 47.Rf6 Bg4 48.Rxd6 Rh5 49.Rd8+ Kg7
50.d6 Bxf3+ 51.Kxf3 Rxg5 52.Ke4 Re1+ 53.Kd4 Re6 54.Rd7 Rf6 55.Rxf6 Kxf6 56.Re7 Rg2
57.Be4 Rd2+ 58.Kc5 c3 59.Re8 c2 60.Bxc2 Rxc2+ 61.Kxb5 Rd2 62.Kc6 Rc2+ 63.Kb6 Rd2
64.Kc7 Rc2+ 65.Kd8 Rc4 66.b5 Rb4 67.d7 Rxb5 68.Kc7 Rd5 69.Kc6 Rd2 70.d8=Q+ Rxd8
71.Rxd8 Kg5 72.Kd5 h5 73.Ke4 Kg4 74.Ke3 Kg3 75.Rf8 h4 76.Rxf7 g5 77.Ke2 g4
78.Rg7 h3 79.Kf1 Kh2 80.Rxg4 Kh1 81.Kf2 h2 82.Kg3 Kg1 83.Kh3+  1-0

[Event "MGU-14 Open"]
[Site "Sofia BUL"]
[Date "2010.08.08"]
[Round "4"]
[White "Stoev,T"]
[Black "Toshev,V"]
[Result "0-1"]
[WhiteElo "1695"]
[BlackElo "1885"]

1.e4 e5 2.Nf3 Nc6 3.Bb5 a6 4.Ba4 Nf6 5.O-O Be7 6.Re1 b5 7.Bb3 O-O 8.h3 d6
9.c3 Bb7 10.d4 exd4 11.cxd4 Na5 12.Bc2 Re8 13.Bg5 Nd7 14.Bd2 Nc4 15.Bc3 Bf6
16.Nbd2 Nxd2 17.Qxd2 Rc8 18.Nh2 c5 19.Ng4 b4 20.Qd3 c4 21.Qg3 Bh4 22.Nh6+ Kf8
23.Qxd6+ Be7 24.Qf4 gxh6 25.Qxh6+ Kg8 26.e5 Nf8 27.Re3 Rc6 28.Rg3+ Ng6  0-1

[Event "FSGM August"]
[Site "Budapest HUN"]
[Date "2010.08.10"]
[Round "4"]
[White "Kosic,D"]
[Black "Genov,Peta"]
[Result "1/2-1/2"]
[WhiteElo "2488"]
[BlackElo "2478"]

1.e4 e5 2.Nf3 Nc6 3.Bb5 a6 4.Ba4 Nf6 5.O-O Be7 6.Re1 b5 7.Bb3 d6 8.c3 O-O
9.h3 Bb7 10.d4 Re8 11.Ng5 Rf8 12.Nf3 Re8 13.Nbd2 Bf8 14.Bc2 h6 15.a4  1/2-1/2

[Event "XI Miquel Mas Open"]
[Site "Figueres ESP"]
[Date "2010.08.11"]
[Round "1"]
[White "Sabria Batlle,P"]
[Black "Vidal Zamora,C"]
[Result "1-0"]
[WhiteElo "2211"]
[BlackElo "1677"]

1.e4 e5 2.Nf3 Nc6 3.Bb5 d6 4.O-O Nf6 5.Re1 Be7 6.c3 O-O 7.h3 a6 8.Ba4 b5
9.Bb3 Bb7 10.d4 exd4 11.cxd4 Na5 12.Bc2 Nc4 13.b3 Nb6 14.Nbd2 c6 15.Nf1 h6
16.Ng3 Bc8 17.Nh4 Be6 18.Nhf5 Qd7 19.Ba3 Rfe8 20.e5 Nfd5 21.Nxe7+ Nxe7 22.Bxd6 Ned5
23.Qd3 g6 24.Ne4 Bf5 25.g4 Bxe4 26.Qxe4 a5 27.f4 Nb4 28.f5 Nxc2 29.Qxc2 gxf5
30.gxf5 Kh8 31.Kh2 Rg8 32.Rg1 Nd5 33.Qf2 Rg5 34.Qh4  1-0

[Event "Negroponte Open"]
[Site "Chalkis GRE"]
[Date "2010.08.12"]
[Round "4"]
[White "Kapnisis,S"]
[Black "Makropoulou,M"]
[Result "1-0"]
[WhiteElo "2514"]
[BlackElo "2231"]

1.e4 e5 2.Nf3 Nc6 3.Bb5 a6 4.Ba4 Nf6 5.O-O Be7 6.Re1 b5 7.Bb3 d6 8.c3 O-O
9.h3 Bb7 10.d4 Re8 11.Nbd2 Bf8 12.a3 h6 13.d5 Nb8 14.Nh2 Nbd7 15.Qf3 Rc8
16.Ndf1 Nc5 17.Ba2 c6 18.dxc6 Bxc6 19.Ng4 Rc7 20.Nxf6+ Qxf6 21.Qxf6 gxf6
22.f3 f5 23.exf5 d5 24.Rd1 Rd8 25.Ne3 h5 26.Nc2 Kg7 27.Be3 Bb7 28.Rd2 Na4
29.Nb4 Rcd7 30.Rad1 f6 31.Kf2 a5 32.Nd3 Bc6 33.g4 hxg4 34.hxg4 b4 35.axb4 axb4
36.cxb4 d4 37.Bf4 Bd5 38.Bxd5 Rxd5 39.Bg3 Rb8 40.Rc2 Bxb4 41.Rc7+ Kg8 42.Ra1 Bd6
43.Rd7 Nxb2 44.Nb4 Nd1+ 45.Kg1 Rxb4 46.Ra8+ Bf8 47.Rxd5 Ne3 48.Rdd8 Rb1+
49.Kh2 Kg7 50.Rxf8 d3 51.Rfd8 d2 52.Rd7+  1-0

[Event "28th WJun Girls"]
[Site "Chotowa POL"]
[Date "2010.08.13"]
[Round "10"]
[White "Ohme,M"]
[Black "Warakomska,A"]
[Result "0-1"]
[WhiteElo "2326"]
[BlackElo "2192"]

1.e4 e5 2.Nf3 Nc6 3.Bb5 a6 4.Ba4 Nf6 5.O-O Be7 6.Re1 b5 7.Bb3 d6 8.c3 O-O
9.h3 Bb7 10.d4 Re8 11.Nbd2 Bf8 12.a3 h6 13.d5 Nb8 14.Nh2 Nbd7 15.Qf3 c6 16.dxc6 Bxc6
17.Ng4 Nc5 18.Ba2 Ra7 19.b4 Ne6 20.Nf1 Nxg4 21.Qxg4 Qf6 22.Ng3 Nf4 23.Be3 Rc7
24.Qd1 Bd7 25.Qd2 Rec8 26.Rac1 g6 27.Rc2 h5 28.Kh2 Qh4 29.Bxf4 exf4 30.Ne2 f3
31.Ng1 fxg2 32.f3 Bg7 33.Kxg2 Bxc3 34.Qxd6 Qg5+ 35.Kf1 Be5 36.Rxc7 Bxd6 37.Rxd7 Rc2
38.Bxf7+ Kf8 39.Ne2 Qe3 40.Rxd6 Qxf3+ 41.Kg1 Qe3+  0-1

[Event "49th WJun"]
[Site "Chotowa POL"]
[Date "2010.08.14"]
[Round "11"]
[White "Botta,Ga"]
[Black "Arun,Ka"]
[Result "0-1"]
[WhiteElo "2302"]
[BlackElo "2289"]

1.e4 e5 2.Nf3 Nc6 3.Bb5 a6 4.Ba4 Nf6 5.O-O Be7 6.Re1 b5 7.Bb3 d6 8.c3 O-O
9.h3 Bb7 10.d3 Na5 11.Bc2 c5 12.Nbd2 Nc6 13.Nf1 Re8 14.Ng3 Bf8 15.a3 g6 16.d4 cxd4
17.cxd4 Nxd4 18.Nxd4 exd4 19.Qxd4 Bg7 20.Qd1 d5 21.e5 Ne4 22.Bf4 Bxe5 23.Bxe5 Rxe5
24.f3 Qg5 25.Nxe4 dxe4 26.fxe4 Rd8 27.Qf3 Rd2 28.Bd3 Rf5  0-1

[Event "Twente Young Masters"]
[Site "Enschede NED"]
[Date "2010.08.14"]
[Round "9"]
[White "Ootes,La"]
[Black "Kravtsiv,M"]
[Result "1/2-1/2"]
[WhiteElo "2315"]
[BlackElo "2559"]

1.e4 e5 2.Nf3 Nc6 3.Bb5 a6 4.Ba4 Nf6 5.O-O Be7 6.Re1 b5 7.Bb3 d6 8.c3 O-O
9.h3 Bb7 10.d4 Nd7 11.Nbd2 Bf6 12.Nf1 exd4 13.cxd4 Re8 14.N1h2 Na5 15.Bc2 c5
16.Ng4 cxd4 17.Nxd4 Bxd4 18.Qxd4 Rc8 19.Ne3 Nf6 20.f3 d5 21.exd5 Nxd5 22.Qd3 g6
23.Bd2 Qb6 24.Kh1 Red8 25.Nxd5 Rxd5 26.Qe2 Nc6  1/2-1/2

[Event "25th Open"]
[Site "Schwarzach AUT"]
[Date "2010.08.25"]
[Round "5"]
[White "Burg,T"]
[Black "Wiesinger,R"]
[Result "1-0"]
[WhiteElo "2449"]
[BlackElo "2252"]

1.e4 e5 2.Nf3 Nc6 3.Bb5 a6 4.Ba4 Nf6 5.O-O Be7 6.Re1 b5 7.Bb3 d6 8.c3 O-O
9.h3 Bb7 10.d4 Re8 11.Nbd2 Bf8 12.d5 Nb8 13.Nf1 Nbd7 14.N3h2 Nc5 15.Bc2 c6
16.b4 Ncd7 17.dxc6 Bxc6 18.Bg5 Qc7 19.Bxf6 Nxf6 20.Ng4 Nxg4 21.hxg4 Be7 22.Ne3 Qb7
23.Bb3 Bxe4 24.Nd5 Bg6 25.Qe2 Kh8 26.a4 f6 27.Ra3 Bf8 28.Rea1 Bf7 29.Qa2 Rac8
30.axb5 Qxb5 31.Ra5 Qd3 32.Rd1 Qg6 33.Ne3 Bxb3 34.Qxb3 Rc6 35.Qa3 Rec8 36.c4 Rb8
37.f3 Qg5 38.Kf2 Qh4+ 39.Ke2 e4 40.fxe4 Qg3 41.Rf1 d5 42.Rxd5 Rcb6 43.Rb1 Re6
44.Qd3 Rbe8 45.Rd8 Rxe4 46.Qxe4 Rxd8 47.c5 a5 48.Rc1 Qc7 49.c6 axb4 50.Nd5 Qc8
51.Kf3 f5 52.gxf5 Bd6 53.c7 Rf8 54.g4 Qa8 55.Nb6 Qa3+ 56.Qe3 Bxc7 57.Rxc7 h5
58.Nd5 hxg4+ 59.Kxg4 Qxe3 60.Nxe3 Rb8 61.Nd5 Kg8 62.f6 Rd8 63.Rxg7+ Kf8 64.Nf4 Rd6
65.Ng6+ Ke8 66.f7+  1-0

[Event "Open"]
[Site "Baku AZE"]
[Date "2010.08.29"]
[Round "7"]
[White "Rasulov,Vu"]
[Black "Mamedjarova,Z"]
[Result "1-0"]
[WhiteElo "2442"]
[BlackElo "2231"]

1.e4 e5 2.Nf3 Nc6 3.Bb5 a6 4.Ba4 Nf6 5.O-O Be7 6.Re1 b5 7.Bb3 d6 8.c3 O-O
9.h3 Bb7 10.d4 Re8 11.a4 h6 12.Nbd2 Bf8 13.Bc2 exd4 14.cxd4 Nb4 15.Bb1 c5
16.d5 Nd7 17.Ra3 c4 18.Nd4 Qb6 19.N2f3 Nc5 20.Be3 Nbd3 21.Bxd3 Nxd3 22.Ne6 Qa5
23.axb5 Qb4 24.Nc7 Nxe1 25.Nxe1 axb5 26.Nc2 Qxb2 27.Bd4 c3 28.Bxc3 Qxa3 29.Nxa3 Rxa3
30.Bb2 Ra2 31.Nxe8 Rxb2 32.e5 b4 33.Nxd6 Bxd6 34.exd6 Ra2 35.d7 Ra8 36.Qe1  1-0

[Event "ch-RUS Higher League w"]
[Site "St Petersburg RUS"]
[Date "2010.08.31"]
[Round "6"]
[White "Severiukhina,Z"]
[Black "Kovanova,B"]
[Result "0-1"]
[WhiteElo "2341"]
[BlackElo "2376"]

1.e4 e5 2.Nf3 Nc6 3.Bb5 a6 4.Ba4 Nf6 5.O-O Be7 6.Re1 b5 7.Bb3 d6 8.c3 O-O
9.h3 Bb7 10.d4 Nd7 11.Nbd2 exd4 12.cxd4 Bf6 13.Nf1 Na5 14.Bc2 Re8 15.Ng3 g6
16.Bh6 Nc4 17.a4 c5 18.b3 Na5 19.axb5 axb5 20.e5 dxe5 21.dxc5 Nc6 22.Rxa8 Bxa8
23.Ne4 Bg7 24.Bxg7 Kxg7 25.Qd2 b4 26.Nd6 Rf8 27.Be4 Qf6 28.Nh2 Nxc5 29.Bxc6 Bxc6
30.Ng4 Qf4 31.Qc2 Qd4 32.Rxe5 Nd3 33.Re3 Nxf2 34.Qxf2 Qd1+ 35.Qe1 Qxd6 36.Qa1+ f6
37.Qe1 Rf7 38.Nf2 Qd5 39.Qf1 Ra7 40.Kh2 Ra1  0-1

[Event "7th Malaysia Open"]
[Site "Kuala Lumpur MAS"]
[Date "2010.09.02"]
[Round "2"]
[White "Fong Yit San"]
[Black "Dutta,J"]
[Result "0-1"]
[WhiteElo "1947"]
[BlackElo "2355"]

1.e4 e5 2.Nf3 Nc6 3.Bb5 a6 4.Ba4 Nf6 5.O-O Be7 6.Re1 b5 7.Bb3 d6 8.c3 O-O
9.h3 Bb7 10.d4 Re8 11.Nbd2 Bf8 12.Bc2 h6 13.a3 Nb8 14.Nh2 c5 15.d5 Nbd7 16.Ndf1 g6
17.Ng4 Kh7 18.Qd2 Ng8 19.Ngh2 Bg7 20.g4 c4 21.Nf3 Nc5 22.Ng3 Bc8 23.Kg2 Ne7
24.g5 h5 25.Nh4 Rf8 26.Qd1 Kg8 27.Nf3 Bd7 28.Rh1 Rc8 29.Be3 a5 30.Qd2 Nb3
31.Bxb3 cxb3 32.Qd1 a4 33.Rc1 Qa5 34.Qd3 Rc7 35.h4 Nc8 36.Nd2 Nb6 37.f3 Bc8
38.Qe2 Nd7 39.Qf2 Nc5 40.Bxc5 Rxc5 41.Ne2 f6 42.gxf6 Rxf6 43.Rcd1 Bh6 44.Nc1 Rc7
45.Nd3 Rcf7 46.Rhf1 Qd8 47.Qg3 g5 48.hxg5 Bxg5 49.Qxg5+ Rg7 50.Qxg7+ Kxg7
51.Rh1 Rg6+ 52.Kf2 Qg5 53.Rhg1 Qh4+ 54.Ke3 Qd8 55.Rxg6+ Kxg6 56.Rg1+ Kh6
57.Ke2 Bd7 58.Nf1 Kh7 59.Ne3 Qh4 60.Nf2 Qf4 61.Rh1 Kg6 62.Nh3 Bxh3 63.Rxh3 Kg5
64.Rh1 Qg3 65.Rf1 Kf4 66.Rf2 Qg1 67.Nd1 h4 68.Rf1 Qg3 69.Ne3 h3 70.Nf5 Qg2+
71.Rf2 Qg1 72.Rf1 h2  0-1

[Event "7th Malaysia Open"]
[Site "Kuala Lumpur MAS"]
[Date "2010.09.02"]
[Round "3"]
[White "Tan,Ju2"]
[Black "Verdiana,N"]
[Result "1-0"]
[WhiteElo "2052"]
[BlackElo "1899"]

1.e4 e5 2.Nf3 Nc6 3.Bb5 a6 4.Ba4 Nf6 5.O-O b5 6.Bb3 Be7 7.Re1 O-O 8.h3 d6
9.c3 Bb7 10.d4 Nd7 11.a4 Bf6 12.d5 Na5 13.Bc2 Re8 14.Na3 Nc4 15.Nxc4 bxc4
16.Qe2 c6 17.dxc6 Bxc6 18.Qxc4 Qb6 19.Be3 Qb7 20.Rad1 Re6 21.b4 Rc8 22.Qd3 Nf8
23.Bc1 Ng6 24.g3 Ree8 25.Ba3 d5 26.exd5 Bxd5 27.Qxd5 Qxd5 28.Rxd5 Rxc3 29.Bxg6 hxg6
30.Re3 Rc2 31.Nxe5 Ra2 32.Nc4 Rc8 33.Nd6 Rcc2 34.Ne4 Be7 35.Rd7 f5 36.Rxe7 fxe4
37.b5 axb5 38.axb5 Rxf2 39.Re8+ Kh7 40.R3xe4 Rg2+ 41.Kf1 Rgf2+ 42.Ke1 g5
43.Bc1 Rh2 44.Kd1 Rxh3 45.b6 Rxg3 46.b7 Rd3+ 47.Ke1 Rh3 48.Re2 Rh1+ 49.Kf2 Rh2+
50.Kf1 Rh1+ 51.Kg2 Rxe2+ 52.Rxe2 Rxc1 53.b8=Q  1-0

[Event "9th Georgiev-Kesarovski Mem"]
[Site "Sunny Beach BUL"]
[Date "2010.09.04"]
[Round "8"]
[White "Georgiev,Kr"]
[Black "Dalmau,Jo"]
[Result "1-0"]
[WhiteElo "2445"]
[BlackElo "2138"]

1.e4 e5 2.Nf3 Nc6 3.Bb5 a6 4.Ba4 Nf6 5.O-O Be7 6.Re1 b5 7.Bb3 d6 8.c3 O-O
9.h3 Bb7 10.d3 Na5 11.Bc2 c5 12.Nbd2 Re8 13.Nf1 Bf8 14.Bg5 h6 15.Bh4 g6 16.Qd2 Bg7
17.Ne3 h5 18.b4 cxb4 19.cxb4 Nc6 20.Bb3 Nd4 21.Nxd4 exd4 22.Nd5 Bxd5 23.Bxd5 Rc8
24.a4 Qd7 25.Bxf6 Bxf6 26.axb5 axb5 27.Qh6 Bg7 28.Qxg6 Rc3 29.Red1 h4 30.Ra6 Rec8
31.Qg5 Qd8 32.Bxf7+ Kxf7 33.Ra7+  1-0

[Event "11th WUCC Women"]
[Site "Zuerich SUI"]
[Date "2010.09.08"]
[Round "5"]
[White "Lkhamsuren,U"]
[Black "Tuvshintugs,B"]
[Result "0-1"]
[WhiteElo "2206"]
[BlackElo "2333"]

1.e4 e5 2.Nf3 Nc6 3.Bb5 a6 4.Ba4 Nf6 5.O-O Be7 6.Re1 b5 7.Bb3 O-O 8.h3 d6
9.c3 Bb7 10.d4 Na5 11.Bc2 Nc4 12.a4 c5 13.d5 Nb6 14.Qe2 c4 15.Be3 Qc7 16.Na3 Nxa4
17.Bxa4 bxa4 18.Nd2 Nxe4 19.Nxe4 f5 20.Red1 fxe4 21.Nxc4 a5 22.Nb6 Rab8 23.Rxa4 Bg5
24.Qc4 Qd8 25.Qxe4 Bxe3 26.Qxe3 Ba6 27.Nc4 Bb5 28.Rda1 Rf4 29.Rxa5 Bxc4 30.b4 Qb6
31.Ra8 Rff8 32.Qxb6 Rxb6 33.R8a7 Bxd5 34.Rd7 Be4 35.Raa7 g5 36.Kf1 Bg6 37.Rac7 Rf7
38.Rd8+ Kg7  0-1

[Event "Montreal Open"]
[Site "Montreal CAN"]
[Date "2010.09.11"]
[Round "2"]
[White "Gerzhoy,L"]
[Black "Rousseau,D"]
[Result "1-0"]
[WhiteElo "2485"]
[BlackElo "2077"]

1.e4 e5 2.Nf3 Nc6 3.Bb5 a6 4.Ba4 Nf6 5.O-O b5 6.Bb3 Be7 7.Re1 d6 8.c3 O-O
9.h3 Bb7 10.d4 h6 11.Nbd2 Re8 12.Nf1 Bf8 13.Ng3 Na5 14.Bc2 g6 15.a4 Nc4 16.Bd3 exd4
17.cxd4 Re7 18.b3 Nb6 19.e5 dxe5 20.Ba3 Re8 21.Bxf8 Kxf8 22.dxe5 Nfd5 23.Qd2 Kg7
24.axb5 a5 25.Rxa5 Qe7 26.Rxa8 Rxa8 27.Nd4 Qg5 28.Qxg5 hxg5 29.Be4 Re8 30.Nf3 Bc8
31.Bxd5 Nxd5 32.Nxg5 Nf4 33.Rc1 Rxe5 34.Nxf7 Rxb5 35.Rxc7 Rb7 36.Rxc8 Kxf7
37.Rc3 Rd7 38.Rf3 g5 39.Ne2  1-0

[Event "ch-ESP"]
[Site "El Sauzal ESP"]
[Date "2010.09.12"]
[Round "9"]
[White "Ramirez Medina,Victor"]
[Black "Jimenez Mendoza,J"]
[Result "1-0"]
[WhiteElo "1816"]
[BlackElo "1717"]

1.e4 e5 2.Nf3 Nc6 3.Bb5 a6 4.Ba4 Nf6 5.O-O b5 6.Bb3 Be7 7.Re1 O-O 8.c3 d6
9.h3 Bb7 10.d4 Re8 11.Nbd2 h6 12.a4 Bf8 13.Bc2 Nb8 14.axb5 axb5 15.Rxa8 Bxa8
16.Bd3 c6 17.Nf1 Nbd7 18.Ng3 Bb7 19.Be3 Nb6 20.Qb3 Qc7 21.Ra1 Ra8 22.Rxa8 Bxa8
23.dxe5 dxe5 24.Nxe5 Qxe5 25.Bxb6 Bb7 26.Bd4 Qe6 27.Qd1 c5 28.Bxf6 Qxf6 29.Bxb5 Qf4
30.Qf3 Qc1+ 31.Kh2 Qxb2 32.Bc4 Bd6 33.Qxf7+ Kh7 34.Qg8+ Kg6 35.Qe8+ Kg5 36.Qh5+ Kf4
37.Qf7+  1-0